What Is Total Quality Control? <The> Japanese Way

Guardado en:
Detalles Bibliográficos
Autor principal: Ishikawa, Kaoru
Otros Autores: Lu, David J.
Formato: Libro
Lenguaje:inglés
Publicado: Englewood Cliffs Prentice Hall 1985
Edición:1. ed.
Materias:
Etiquetas: Agregar Etiqueta
Sin Etiquetas, Sea el primero en etiquetar este registro!

MARC

LEADER 00000nam a2200000 4500
001 c014267
005 20221207075145.0
020 |a 0-13-952441-X 
041 0 |a eng 
044 |a US 
245 1 0 |a What Is Total Quality Control?  |b <The> Japanese Way  |c Kaoru Ishikawa ; [Z jap. prel.] David J. Lu 
250 |a 1. ed. 
264 1 |a Englewood Cliffs  |b Prentice Hall  |c 1985 
300 |a 215 s. 
610 2 0 |a kontrola kvality 
610 2 0 |a riadenie kvality 
610 2 0 |a Japonsko 
100 1 |a Ishikawa, Kaoru 
700 1 |a Lu, David J.